000
00316nam a2200133Ia 4500
005
20251222153607.0
008
251222s9999||||xx |||||||||||||| ||spa||
082
_a
329.947/Z77
100
_a
Zinoviev, Grigorii
245
0
_a
Historia del Partido Bolchevique
250
_a
1ra. ed.
264
_b
Clave
942
_c
LIB
999
_c
31441
_d
31441